000 00679nam a2200217 a 4500
001 10499
003 CO-ViMGA
008 141112s2004 ck r 000 u spa d
020 _a968601603
040 _aCO-ViMGA
_bspa
_cCO-ViMGA
082 0 4 _a330.986 C65h
100 1 _aColmenares ; German,
110 _aColciencias - Banco de la República
_914132
245 1 0 _aHistoria Económica y social de Colombia I :
_b1537 - 1719
260 _aSantafé de Bogotá :
_bTercer mundo
300 _a475p. : il.
650 1 4 _aCOLOMBIA - CONDICIONES ECONOMICAS
650 1 4 _aCOLOMBIA - CONDICIONES SOCIALES
_98712
650 1 4 _aEconomía - HISTORIA - COLOMBIA
_914133
942 _2ddc
_cBK
999 _c21825
_d21825